[Event "Tradewise Gibraltar ChallWk1"]
[Site "Gibraltar"]
[Date "2018.01.25"]
[Round "4.21"]
[White "Brown, David"]
[Black "Maric, Boris"]
[Result "0-1"]
[WhiteElo "1953"]
[BlackElo "2034"]
[PlyCount "86"]
[EventDate "2018.01.22"]
[EventType "swiss"]
[EventRounds "5"]
[EventCountry "GGB"]

1. e4 c5 2. Nf3 d6 3. Nc3 Nf6 4. d4 cxd4 5. Nxd4 a6 6. g3 e5 7. Nb3 Be7 8. Bg2
O-O 9. O-O Nbd7 10. a4 b6 11. h3 Bb7 12. Be3 Rc8 13. Qe2 Qc7 14. g4 Qc4 15. Qd3
d5 16. exd5 Qxd3 17. cxd3 Bb4 18. Na2 Bd6 19. Nc3 Bb4 20. Na2 a5 21. Nxb4 axb4
22. a5 Bxd5 23. Bxd5 Nxd5 24. axb6 Nxe3 25. fxe3 Nxb6 26. Ra5 Rfd8 27. Rxe5
Rxd3 28. Nd4 Nc4 29. Rc1 Rd1+ 30. Rxd1 Nxe5 31. Kf2 Kf8 32. Kg3 Re8 33. Nf5 g6
34. Nd6 Rd8 35. Rd4 Nc6 36. Nb7 Rxd4 37. exd4 Nxd4 38. Nc5 Ke7 39. Kf4 Ne6+ 40.
Nxe6 Kxe6 41. b3 f5 42. gxf5+ gxf5 43. h4 h6 0-1

[Event "Tradewise Gibraltar ChallWk1"]
[Site "Gibraltar"]
[Date "2018.01.25"]
[Round "4.22"]
[White "Stern, Geoffrey"]
[Black "Bryant, Richard B E"]
[Result "1-0"]
[WhiteElo "1940"]
[BlackElo "2016"]
[PlyCount "99"]
[EventDate "2018.01.22"]
[EventType "swiss"]
[EventRounds "5"]
[EventCountry "GGB"]

1. d4 e6 2. Nc3 d5 3. Nf3 f5 4. Bf4 c6 5. e3 Nf6 6. Bd3 Be7 7. O-O O-O 8. Ne2
Bd7 9. c4 Ne4 10. Ne5 Be8 11. f3 Nd6 12. b4 Nd7 13. c5 Nf7 14. Nxf7 Rxf7 15. a4
g5 16. Bg3 Nf6 17. Qc2 Nh5 18. Be5 f4 19. exf4 Nxf4 20. Nxf4 gxf4 21. Bg6 Rg7
22. Bxe8 Bf6 23. Bh5 Bxe5 24. dxe5 Qg5 25. Bg4 Qxe5 26. Rad1 Re8 27. b5 Qg5 28.
Rfe1 e5 29. Qf5 Qe7 30. Rc1 Qc7 31. bxc6 bxc6 32. Bh5 Ree7 33. Qf6 e4 34. fxe4
dxe4 35. Kh1 h6 36. Qxh6 Qe5 37. Be2 Rd7 38. Qxc6 Rd2 39. Qc8+ Kh7 40. Qh3+ Kg8
41. Bc4+ Kf8 42. Qh8+ Ke7 43. Qh4+ Ke8 44. Rg1 Qb2 45. Bb5+ Kf8 46. Qxf4+ Kg8
47. Bc4+ Kh7 48. Qxe4+ Kh8 49. Qe8+ Kh7 50. Qh5# 1-0

[Event "Tradewise Gibraltar ChallWk1"]
[Site "Gibraltar"]
[Date "2018.01.25"]
[Round "4.23"]
[White "Sedgwick, David"]
[Black "O'Neil, Jim"]
[Result "1-0"]
[WhiteElo "2012"]
[BlackElo "1904"]
[PlyCount "75"]
[EventDate "2018.01.22"]
[EventType "swiss"]
[EventRounds "5"]
[EventCountry "GGB"]

1. e4 c5 2. c3 Nf6 3. e5 Nd5 4. d4 cxd4 5. cxd4 Nc6 6. Nf3 d6 7. Bc4 dxe5 8.
Nxe5 e6 9. O-O Bd6 10. Bxd5 exd5 11. Nxc6 bxc6 12. Re1+ Be6 13. f4 O-O 14. Qf3
Qh4 15. g3 Qh3 16. b3 Rae8 17. Ba3 Bxa3 18. Nxa3 Bf5 19. Qf2 h5 20. Nc2 Be4 21.
Ne3 Re6 22. Rac1 f5 23. Qf1 Qxf1+ 24. Nxf1 Rfe8 25. Re3 Kf7 26. Rec3 Rc8 27. b4
a6 28. Nd2 h4 29. Nxe4 fxe4 30. f5 Rf6 31. gxh4 Rxf5 32. Rxc6 Rxc6 33. Rxc6 e3
34. Rc1 Rf4 35. Rf1 Rxf1+ 36. Kxf1 Ke6 37. Ke2 Kd6 38. a4 1-0

[Event "Tradewise Gibraltar ChallWk1"]
[Site "Gibraltar"]
[Date "2018.01.25"]
[Round "4.24"]
[White "Chibnall, Alana"]
[Black "Adewole, Adeyinka"]
[Result "1-0"]
[WhiteElo "1906"]
[BlackElo "2001"]
[PlyCount "117"]
[EventDate "2018.01.22"]
[EventType "swiss"]
[EventRounds "5"]
[EventCountry "GGB"]

1. e4 g6 2. d4 Bg7 3. Nf3 c5 4. c3 Qc7 5. Be3 Nf6 6. Nbd2 b6 7. h3 Bb7 8. Bd3
d6 9. O-O Nbd7 10. a4 O-O 11. Nh2 a6 12. b4 cxb4 13. cxb4 Qc3 14. Qb1 Rac8 15.
Ra2 Qc7 16. Rc2 Qb8 17. Rfc1 Qa8 18. f3 Rxc2 19. Rxc2 Rc8 20. Nhf1 d5 21. e5
Ne8 22. Nb3 e6 23. a5 Bf8 24. Bd2 b5 25. Nc5 Qa7 26. Be3 Nxc5 27. bxc5 Bc6 28.
Nd2 f6 29. f4 Rb8 30. Qb4 Qg7 31. exf6 Nxf6 32. Nf3 Qc7 33. Re2 Ne4 34. Bxe4
dxe4 35. Ng5 Bd5 36. Bd2 Qc6 37. Qb1 Bg7 38. Bc3 b4 39. Bb2 Qb5 40. Qd1 Qd3 41.
Qxd3 exd3 42. Rd2 Bc4 43. Ne4 Rd8 44. Nd6 Rxd6 45. cxd6 Bf6 46. Kf2 Bd8 47. Ke3
Bxa5 48. Rxd3 Bb6 49. Rd1 a5 50. Rc1 Bd5 51. Rc8+ Kf7 52. Rb8 Bxg2 53. Rxb6 Ke8
54. d5 Bxd5 55. Ra6 Kd7 56. Be5 b3 57. Rxa5 Kc6 58. Kd2 Kb6 59. Rxd5 1-0

[Event "Tradewise Gibraltar ChallWk1"]
[Site "Gibraltar"]
[Date "2018.01.25"]
[Round "4.25"]
[White "Burke, Mitchell R"]
[Black "Minnema, Rens"]
[Result "0-1"]
[WhiteElo "1989"]
[BlackElo "1837"]
[PlyCount "124"]
[EventDate "2018.01.22"]
[EventType "swiss"]
[EventRounds "5"]
[EventCountry "GGB"]

1. e4 d6 2. Nc3 Nf6 3. f4 c6 4. d4 Qc7 5. Nf3 Bg4 6. e5 Nfd7 7. Ne4 e6 8. Nf2
Bxf3 9. Qxf3 dxe5 10. dxe5 Bb4+ 11. c3 Be7 12. Bd3 Nb6 13. O-O N8d7 14. Bc2
O-O-O 15. b4 g5 16. Re1 Nd5 17. Bb3 h5 18. b5 g4 19. Qe4 Nxc3 20. Qc2 Nxb5 21.
Be3 Na3 22. Qb2 Nb6 23. Rac1 Nb5 24. Qa1 Ba3 25. Rc2 Nd5 26. Bc5 Nxf4 27. Ba4
Bxc5 28. Rxc5 Rd5 29. Rxd5 exd5 30. Bxb5 cxb5 31. g3 Ne6 32. Rc1 Nc5 33. Nd3 b6
34. Qd4 Kb8 35. Nxc5 bxc5 36. Rxc5 Qb6 37. Kg2 Rc8 38. Rxc8+ Kxc8 39. Qf4 Qg6
40. Qc1+ Kb7 41. Qc5 Qe4+ 42. Kg1 Qb1+ 43. Kf2 Qxa2+ 44. Kg1 Qb1+ 45. Kf2 Qf5+
46. Kg1 Qd7 47. Kf2 a5 48. Ke3 d4+ 49. Kd2 a4 50. Ke1 d3 51. Kd2 Ka6 52. Qf8
Kb7 53. Qc5 Qc6 54. Qe7+ Ka6 55. Qf8 Qc2+ 56. Ke3 Qe2+ 57. Kd4 Ka5 58. Qa8+ Kb4
59. Qf8+ Kb3 60. Qxf7+ Kb2 61. Qb7 d2 62. Qxb5+ Qxb5 0-1

[Event "Tradewise Gibraltar ChallWk1"]
[Site "Gibraltar"]
[Date "2018.01.25"]
[Round "4.26"]
[White "Bozinovic, Boban"]
[Black "Livesey, R Nigel"]
[Result "0-1"]
[WhiteElo "1972"]
[BlackElo "1750"]
[PlyCount "82"]
[EventDate "2018.01.22"]
[EventType "swiss"]
[EventRounds "5"]
[EventCountry "GGB"]

1. e4 c6 2. d4 d5 3. Nc3 b5 4. a3 dxe4 5. Nxe4 Bf5 6. Ng3 Bg6 7. Nf3 e6 8. Ne5
Bd6 9. Nxg6 hxg6 10. Ne4 Be7 11. Be3 Nf6 12. Nxf6+ Bxf6 13. Qf3 Qd5 14. Be2 Nd7
15. O-O O-O 16. Rac1 Nb6 17. b3 a5 18. c4 bxc4 19. bxc4 Qd7 20. d5 Rab8 21.
dxc6 Qc7 22. Rb1 Na4 23. Bf4 e5 24. Bd2 Rfd8 25. Rxb8 Rxb8 26. Qd5 Rd8 27. Qxa5
Qxc6 28. Bb4 Nb2 29. Qb5 Qe4 30. Ba5 Qxe2 31. Bxd8 Bxd8 32. Qe8+ Kh7 33. Qxd8
Qxc4 34. h3 Qc5 35. a4 f5 36. a5 e4 37. Qb6 Qa3 38. a6 Nc4 39. Qb7 Nd6 40. Qc6
e3 41. f3 Qb4 0-1

[Event "Tradewise Gibraltar ChallWk1"]
[Site "Gibraltar"]
[Date "2018.01.25"]
[Round "4.28"]
[White "Lawson, Dominic Ralph"]
[Black "De Vega Fernandez, Francisco J"]
[Result "1-0"]
[WhiteElo "2037"]
[BlackElo "1784"]
[PlyCount "69"]
[EventDate "2018.01.22"]
[EventType "swiss"]
[EventRounds "5"]
[EventCountry "GGB"]

1. b3 Nf6 2. Bb2 g6 3. Bxf6 exf6 4. c4 d5 5. cxd5 Qxd5 6. Nc3 Qa5 7. a3 Be6 8.
g3 Bg7 9. Bg2 c6 10. e3 Nd7 11. b4 Qa6 12. d4 f5 13. Nge2 O-O 14. O-O Nf6 15.
Qc2 Rfd8 16. Nf4 Bc4 17. Rfd1 Nd5 18. Nfxd5 cxd5 19. a4 Rac8 20. Qb2 Bf8 21. a5
Qd6 22. Rab1 Be7 23. Na4 b6 24. axb6 axb6 25. b5 Ra8 26. Ra1 Ra5 27. Nc3 Qb4
28. Qd2 Bxb5 29. Rab1 Qc4 30. Bf1 Qxf1+ 31. Rxf1 Bxf1 32. Kxf1 Rda8 33. Rxb6
Ra1+ 34. Kg2 R8a5 35. Rb5 1-0

[Event "Tradewise Gibraltar ChallWk1"]
[Site "Gibraltar"]
[Date "2018.01.25"]
[Round "4.29"]
[White "Kanbier, Max"]
[Black "Gostelow, David W"]
[Result "1/2-1/2"]
[WhiteElo "1864"]
[BlackElo "1945"]
[PlyCount "84"]
[EventDate "2018.01.22"]
[EventType "swiss"]
[EventRounds "5"]
[EventCountry "GGB"]

1. c4 e5 2. Nc3 Nf6 3. g3 d5 4. cxd5 Nxd5 5. Bg2 Nb6 6. Nf3 Nc6 7. O-O Be7 8.
d3 O-O 9. Be3 Be6 10. d4 exd4 11. Bxd4 Bf6 12. e3 Bxd4 13. Nxd4 Nxd4 14. exd4
c6 15. Ne4 Bd5 16. Qc2 Re8 17. Rfd1 h6 18. b3 Qe7 19. f3 Rad8 20. Qf2 Nc8 21.
Re1 Qb4 22. Rad1 Re7 23. Qd2 Qxd2 24. Nxd2 Rde8 25. Rxe7 Rxe7 26. Kf2 Nd6 27.
Nf1 Nb5 28. Ne3 Rd7 29. Bf1 Nc7 30. Bc4 Kf8 31. Bxd5 Nxd5 32. Nxd5 Rxd5 33. Ke3
Ke7 34. Rd2 Kd6 35. g4 a5 36. Rc2 f5 37. h3 g5 38. Kd3 b6 39. Ke3 Rb5 40. Rc4
Rd5 41. Rc2 Rb5 42. Rc4 Rd5 1/2-1/2

[Event "Tradewise Gibraltar ChallWk1"]
[Site "Gibraltar"]
[Date "2018.01.25"]
[Round "4.30"]
[White "Mayank, Pal"]
[Black "Rueda-Kjeldsen, Juan Carlos"]
[Result "1-0"]
[WhiteElo "1834"]
[BlackElo "1988"]
[PlyCount "149"]
[EventDate "2018.01.22"]
[EventType "swiss"]
[EventRounds "5"]
[EventCountry "GGB"]

1. Nf3 f5 2. d3 e6 3. e4 fxe4 4. dxe4 b6 5. Bd3 Ba6 6. e5 Bxd3 7. Qxd3 Nc6 8.
O-O Nh6 9. Bxh6 gxh6 10. Nc3 Bg7 11. Rfe1 O-O 12. Rad1 Rf7 13. Re4 Qe7 14. a3
Raf8 15. Qe2 a6 16. Qe3 Qd8 17. Ne2 Ne7 18. c4 Ng6 19. b4 Ne7 20. Ng3 Nf5 21.
Nxf5 Rxf5 22. h3 R5f7 23. Qd3 Qa8 24. Qe3 Kh8 25. Red4 Qc6 26. Qd3 Rd8 27. Rd2
Bf8 28. Rg4 b5 29. Nd4 Qxc4 30. Qxc4 bxc4 31. Nxe6 Rc8 32. Nxf8 c3 33. Rc2
Rcxf8 34. Rxc3 c6 35. e6 dxe6 36. Rxc6 Rxf2 37. Rxe6 a5 38. bxa5 h5 39. Rg5 h4
40. Re4 Rf1+ 41. Kh2 Ra1 42. a4 h6 43. Rgg4 Rf5 44. Rxh4 Rxa5 45. Rxh6+ Kg7 46.
Rhh4 Ra3 47. Reg4+ Kf6 48. Rh6+ Kf7 49. Rhh4 Kf6 50. Rb4 Kg6 51. Rhc4 Kg7 52.
Rb7+ Kg6 53. Rc6+ Kg5 54. Rb5+ Rxb5 55. axb5 Rb3 56. Rc5+ Kg6 57. h4 Kh6 58. g3
Kg6 59. Kh3 Kh6 60. h5 Rb4 61. g4 Rb1 62. Rf5 Rh1+ 63. Kg3 Rg1+ 64. Kf4 Rb1 65.
Rf6+ Kg7 66. Rg6+ Kh7 67. Rb6 Kg7 68. Kg5 Rc1 69. Rb7+ Kg8 70. Kg6 Rc8 71. h6
Kh8 72. b6 Rc6+ 73. Kh5 Rc5+ 74. g5 Rb5 75. Kg6 1-0

[Event "Tradewise Gibraltar ChallWk1"]
[Site "Gibraltar"]
[Date "2018.01.25"]
[Round "4.31"]
[White "Garcia Lopez, Juan Antonio"]
[Black "Ansari, Athar"]
[Result "0-1"]
[WhiteElo "1959"]
[BlackElo "1919"]
[PlyCount "116"]
[EventDate "2018.01.22"]
[EventType "swiss"]
[EventRounds "5"]
[EventCountry "GGB"]

1. Nf3 b6 2. g3 Bb7 3. Bg2 e6 4. O-O Be7 5. c4 d5 6. cxd5 exd5 7. d4 Nf6 8. Nc3
Nbd7 9. Bf4 Nh5 10. Bd2 Nhf6 11. Rc1 c6 12. Bg5 O-O 13. Qd3 Ne8 14. h4 Nd6 15.
b3 a5 16. Bh3 f6 17. Bf4 Re8 18. Rfe1 Ne4 19. Nxd5 cxd5 20. Qb5 Ndc5 21. dxc5
Bxc5 22. e3 Qe7 23. Qd7 Qxd7 24. Bxd7 Re7 25. Bf5 Bb4 26. Red1 Nc3 27. Rd2 Ba6
28. Nd4 g6 29. Bh3 Ne4 30. Rdc2 f5 31. Nc6 Ree8 32. Nxb4 axb4 33. Rc7 Rac8 34.
Bf1 Rxc7 35. Rxc7 Bxf1 36. Kxf1 Ra8 37. f3 Nd2+ 38. Ke2 Rxa2 39. Rc8+ Kf7 40.
Rc7+ Ke6 41. Rxh7 Nxb3+ 42. Ke1 Nd2 43. Rg7 Nxf3+ 44. Kd1 Ne5 45. Bxe5 Kxe5 46.
Rxg6 Ke4 47. Rxb6 Kd3 48. Kc1 Kxe3 49. Rxb4 d4 50. Rb5 Ke4 51. Kd1 Rg2 52. Rb3
d3 53. Ke1 Ke3 54. Kf1 Rxg3 55. Rb8 d2 56. Rd8 Rf3+ 57. Kg2 Rf2+ 58. Kg1 Rf4
0-1

[Event "Tradewise Gibraltar ChallWk1"]
[Site "Gibraltar"]
[Date "2018.01.26"]
[Round "5.1"]
[White "Saber, Yasser"]
[Black "Lacrosse, Marc"]
[Result "1-0"]
[WhiteElo "2244"]
[BlackElo "2117"]
[PlyCount "75"]
[EventDate "2018.01.22"]
[EventType "swiss"]
[EventRounds "5"]
[EventCountry "GGB"]

1. d3 d5 2. g3 Nf6 3. Bg2 c6 4. f4 Qc7 5. Nf3 Bg4 6. O-O Nbd7 7. h3 Bxf3 8.
Bxf3 e5 9. Nc3 Bd6 10. e4 dxe4 11. Nxe4 Nxe4 12. Bxe4 Nf6 13. Bg2 O-O-O 14. Kh1
Rhe8 15. fxe5 Bxe5 16. g4 h6 17. c3 Nd5 18. Qf3 Re7 19. Bd2 Bg3 20. c4 Nb6 21.
Bb4 Red7 22. Rad1 f6 23. Ba5 c5 24. b4 Be5 25. Qf5 Kb8 26. Be4 cxb4 27. Rb1 Bc3
28. c5 g6 29. Qf4 Qxf4 30. Rxf4 Nd5 31. Bxd5 Rxd5 32. Bxd8 Rxd8 33. Rd1 a5 34.
d4 a4 35. d5 a3 36. d6 Kc8 37. Re4 b3 38. Re3 1-0

[Event "Tradewise Gibraltar ChallWk1"]
[Site "Gibraltar"]
[Date "2018.01.26"]
[Round "5.2"]
[White "Allor, Chukwuka"]
[Black "Madina Yadarola, Martin"]
[Result "1/2-1/2"]
[WhiteElo "2099"]
[BlackElo "2167"]
[PlyCount "114"]
[EventDate "2018.01.22"]
[EventType "swiss"]
[EventRounds "5"]
[EventCountry "GGB"]

1. e4 g6 2. d4 Bg7 3. Nc3 c6 4. Be3 d5 5. Qd2 Nf6 6. e5 Ng4 7. Bf4 h5 8. h3 Nh6
9. Nf3 Qa5 10. Bd3 Bf5 11. O-O-O e6 12. Kb1 Bxd3 13. Qxd3 Ng8 14. Bg5 Nd7 15.
Ne2 Qb5 16. Qxb5 cxb5 17. Rd3 Nb6 18. Rc3 Rc8 19. Rxc8+ Nxc8 20. Nc3 a6 21. a4
bxa4 22. Nxa4 Bf8 23. b3 b6 24. c4 Kd7 25. Kb2 Bb4 26. Nc3 Bxc3+ 27. Kxc3 Kc6
28. Ra1 Kb7 29. Kd3 Nce7 30. Bxe7 Nxe7 31. Ng5 Rf8 32. g4 a5 33. Rg1 Kc6 34.
Rg3 a4 35. bxa4 Ra8 36. Nxf7 dxc4+ 37. Kxc4 Rxa4+ 38. Kb3 Rxd4 39. gxh5 gxh5
40. Ng5 Kd5 41. Kc2 Nc6 42. Rb3 Rb4 43. Rxb4 Nxb4+ 44. Kc3 Nc6 45. f4 Nd4 46.
Kd3 Nb3 47. Nh7 Nc5+ 48. Ke3 Kc4 49. Ng5 b5 50. f5 exf5 51. e6 Nxe6 52. Nxe6 b4
53. Kd2 h4 54. Kc2 Kd5 55. Nf4+ Ke4 56. Ng2 Kf3 57. Nxh4+ Kg3 1/2-1/2

[Event "Tradewise Gibraltar ChallWk1"]
[Site "Gibraltar"]
[Date "2018.01.26"]
[Round "5.3"]
[White "Ranaivoharisoa, Alain"]
[Black "Pabalan, Rocky"]
[Result "1/2-1/2"]
[WhiteElo "2142"]
[BlackElo "2098"]
[PlyCount "94"]
[EventDate "2018.01.22"]
[EventType "swiss"]
[EventRounds "5"]
[EventCountry "GGB"]

1. e4 c5 2. Nf3 g6 3. c3 Bg7 4. d4 cxd4 5. cxd4 d5 6. e5 Bg4 7. Bb5+ Nd7 8. O-O
a6 9. Bxd7+ Qxd7 10. Nbd2 e6 11. h3 Bxf3 12. Nxf3 h6 13. Be3 Ne7 14. Qd2 Nf5
15. Rac1 O-O 16. Rc3 Rfc8 17. Rfc1 Bf8 18. g4 Nxe3 19. Qxe3 b5 20. Kg2 b4 21.
R3c2 Rxc2 22. Rxc2 Rc8 23. Qc1 Rxc2 24. Qxc2 Qb5 25. b3 Kg7 26. Ng1 Be7 27. Ne2
Bd8 28. f4 Bh4 29. Kf3 Be1 30. f5 exf5 31. gxf5 Bc3 32. Qd1 Qd7 33. Ng3 Qd8 34.
f6+ Kh7 35. Qd3 Qb6 36. Ne2 Bb2 37. Nf4 Bxd4 38. e6 Bxf6 39. exf7 Bg7 40. Qxd5
Qg1 41. Qe6 Qh1+ 42. Kg3 Qg1+ 43. Kf3 Qd1+ 44. Qe2 Qh1+ 45. Qg2 Qd1+ 46. Qe2
Qd7 47. Qe6 Qd1+ 1/2-1/2

[Event "Tradewise Gibraltar ChallWk1"]
[Site "Gibraltar"]
[Date "2018.01.26"]
[Round "5.4"]
[White "Pinho, Paulo"]
[Black "Kvisla, Johannes Luangtep"]
[Result "1/2-1/2"]
[WhiteElo "2186"]
[BlackElo "2234"]
[PlyCount "156"]
[EventDate "2018.01.22"]
[EventType "swiss"]
[EventRounds "5"]
[EventCountry "GGB"]

1. d4 Nf6 2. c4 e6 3. Nf3 Bb4+ 4. Nc3 b6 5. Bg5 Bb7 6. e3 h6 7. Bh4 g5 8. Bg3
Ne4 9. Qc2 f5 10. Bd3 h5 11. d5 Bxc3+ 12. bxc3 Nxg3 13. hxg3 Na6 14. g4 Qf6 15.
gxf5 O-O-O 16. Nd4 Nc5 17. fxe6 dxe6 18. e4 Rdf8 19. Rf1 exd5 20. exd5 Re8+ 21.
Kd1 Kb8 22. Kc1 h4 23. Kb2 h3 24. gxh3 Rxh3 25. Bf5 Rh4 26. Rae1 Rxe1 27. Rxe1
a6 28. Re8+ Ka7 29. Bc8 Ba8 30. Qf5 Rf4 31. Qxf6 Rxf6 32. f3 b5 33. Ka3 bxc4
34. Kb4 Nd3+ 35. Kxc4 Nb2+ 36. Kc5 Nd3+ 37. Kc4 Nb2+ 38. Kb3 Rb6+ 39. Kc2 Bxd5
40. Be6 Bb7 41. Bb3 c5 42. Ne6 c4 43. Kxb2 cxb3 44. axb3 Bxf3 45. Nxg5 Bd5 46.
Re7+ Kb8 47. b4 Rh6 48. Kc2 Bc4 49. Nf3 Rg6 50. Rd7 Rg3 51. Ne5 Bb5 52. Rd2 Re3
53. Nd3 Kc7 54. Nc5 Rh3 55. Rf2 Rh6 56. Kd2 Kd6 57. Nb3 Ke5 58. Nd4 Bc4 59. Ke3
Bd5 60. Nf3+ Kd6 61. Nd2 Rh3+ 62. Kd4 Rh4+ 63. Kd3 Rh3+ 64. Kc2 Ke6 65. c4 Bc6
66. Re2+ Kd7 67. Ne4 Bxe4+ 68. Rxe4 Kc7 69. Re2 Kc6 70. Rd2 a5 71. bxa5 Kc5 72.
Rd3 Rh1 73. Kc3 Rc1+ 74. Kb3 Rxc4 75. Rg3 Rh4 76. Rg5+ Kc6 77. Rf5 Kb7 78. Rc5
Ka6 1/2-1/2

[Event "Tradewise Gibraltar ChallWk1"]
[Site "Gibraltar"]
[Date "2018.01.26"]
[Round "5.5"]
[White "Lochte, Thomas"]
[Black "Longa Yauca, Javier"]
[Result "0-1"]
[WhiteElo "2169"]
[BlackElo "2198"]
[PlyCount "57"]
[EventDate "2018.01.22"]
[EventType "swiss"]
[EventRounds "5"]
[EventCountry "GGB"]

1. e4 Nf6 2. e5 Nd5 3. d4 d6 4. Nf3 Bg4 5. h3 Bh5 6. Be2 e6 7. c4 Nb6 8. exd6
cxd6 9. O-O Be7 10. Nc3 O-O 11. Be3 Nc6 12. d5 Bxf3 13. Bxf3 Ne5 14. dxe6 fxe6
15. Bxb7 Rb8 16. Be4 Nbxc4 17. Bxa7 Rxb2 18. f4 Qa5 19. Bd4 Rd2 20. Bxh7+ Kxh7
21. Qh5+ Kg8 22. fxe5 Rxd4 23. Rxf8+ Bxf8 24. Qe8 Qxc3 25. Rf1 Qe3+ 26. Kh1 Rf4
27. Qxe6+ Kh8 28. Rxf4 Qxf4 29. Qg8+ 0-1

[Event "Tradewise Gibraltar ChallWk1"]
[Site "Gibraltar"]
[Date "2018.01.26"]
[Round "5.6"]
[White "Gonzalez Gonzalez, Alfonso"]
[Black "Jordan Martinez, David"]
[Result "0-1"]
[WhiteElo "2192"]
[BlackElo "2095"]
[PlyCount "73"]
[EventDate "2018.01.22"]
[EventType "swiss"]
[EventRounds "5"]
[EventCountry "GGB"]

1. e4 e6 2. f4 d5 3. e5 c5 4. Nf3 Nc6 5. c3 Nge7 6. Na3 Nf5 7. Bd3 Be7 8. Bxf5
exf5 9. Nc2 Be6 10. d3 O-O 11. O-O b5 12. Be3 a5 13. Qe1 b4 14. Qf2 Qb6 15.
Rfb1 Rab8 16. Qe1 Qa6 17. Qd1 Rb7 18. Nce1 Rfb8 19. Bf2 a4 20. Qc2 h6 21. Nd2
bxc3 22. bxc3 a3 23. Rxb7 Rxb7 24. Rb1 d4 25. cxd4 Nxd4 26. Bxd4 cxd4 27. Nef3
Rxb1+ 28. Qxb1 Qa4 29. Kf2 Kh7 30. Ke2 Qc6 31. h4 Qc3 32. Qb7 Bb4 33. g4 fxg4
34. Qe4+ g6 35. Nxd4 Qxd2+ 36. Kf1 g3 37. Qf3 0-1

[Event "Tradewise Gibraltar ChallWk1"]
[Site "Gibraltar"]
[Date "2018.01.26"]
[Round "5.7"]
[White "Villar Reymundo, Juan Antonio"]
[Black "Plotkin, Victor"]
[Result "0-1"]
[WhiteElo "2121"]
[BlackElo "2242"]
[PlyCount "102"]
[EventDate "2018.01.22"]
[EventType "swiss"]
[EventRounds "5"]
[EventCountry "GGB"]

1. d4 Nf6 2. c4 e6 3. Nf3 b6 4. a3 Bb7 5. Nc3 d5 6. Bg5 Be7 7. e3 O-O 8. Bd3
dxc4 9. Bxc4 c5 10. O-O Nbd7 11. Qe2 Ne4 12. Bf4 cxd4 13. Nxe4 Bxe4 14. exd4
Nf6 15. Rfd1 Bb7 16. Rac1 Nd5 17. Bg3 Rc8 18. Rc2 a6 19. Rcd2 b5 20. Bd3 Qb6
21. Ne5 Rcd8 22. h4 f5 23. a4 Nb4 24. a5 Qxa5 25. Nd7 Rf7 26. Ne5 Rf6 27. Bb1
Bd5 28. Rc1 Rff8 29. Bf4 Rc8 30. Re1 Nc6 31. Rd3 Nxe5 32. Bxe5 Bf6 33. Bd6 Rf7
34. Ra3 Qb6 35. Bc5 Qc6 36. Ba2 Bxa2 37. Rxa2 Re8 38. Rea1 Ra8 39. h5 Rd7 40.
Qe3 Kf7 41. b4 Rc7 42. Ra3 Qb7 43. Re1 Qd5 44. Rea1 Rc6 45. R1a2 e5 46. dxe5
Bxe5 47. Rd2 Qe6 48. Rad3 Re8 49. Rd7+ Kg8 50. Qa3 Rxc5 51. bxc5 Bf4 0-1

[Event "Tradewise Gibraltar ChallWk1"]
[Site "Gibraltar"]
[Date "2018.01.26"]
[Round "5.8"]
[White "Gueler, Sebastian"]
[Black "Richards, Heather S"]
[Result "0-1"]
[WhiteElo "2120"]
[BlackElo "2223"]
[PlyCount "70"]
[EventDate "2018.01.22"]
[EventType "swiss"]
[EventRounds "5"]
[EventCountry "GGB"]

1. c4 d6 2. g3 e5 3. Nc3 f5 4. d4 e4 5. Nh3 Nf6 6. Nf4 Be7 7. Bg2 c6 8. d5 Ng4
9. f3 exf3 10. exf3 Ne5 11. b3 b5 12. cxb5 cxb5 13. O-O Qb6+ 14. Kh1 O-O 15.
Bb2 a5 16. Nce2 Na6 17. Nd4 Nc5 18. Nde6 Nxe6 19. Nxe6 Bxe6 20. dxe6 f4 21. Rc1
Ng6 22. Qd2 a4 23. b4 a3 24. Bd4 Qb7 25. Rc3 Qd5 26. Bh3 Ra4 27. Rd3 Qg5 28.
gxf4 Qxf4 29. Qc3 Qh4 30. Bxg7 Qxh3 31. Rg1 Qxe6 32. Bxf8 Bxf8 33. Re3 Qc4 34.
Qf6 Qf7 35. Qd4 d5 0-1

[Event "Tradewise Gibraltar ChallWk1"]
[Site "Gibraltar"]
[Date "2018.01.26"]
[Round "5.9"]
[White "Dolzhikova, Olga"]
[Black "Osuna Vega, Enrique"]
[Result "1/2-1/2"]
[WhiteElo "2187"]
[BlackElo "2102"]
[PlyCount "140"]
[EventDate "2018.01.22"]
[EventType "swiss"]
[EventRounds "5"]
[EventCountry "GGB"]

1. e4 e6 2. d4 d5 3. e5 c5 4. c3 Qb6 5. Nf3 Bd7 6. Be2 Bb5 7. c4 Bxc4 8. Bxc4
dxc4 9. d5 exd5 10. Qxd5 Ne7 11. Qe4 Nbc6 12. O-O Nd4 13. Nxd4 cxd4 14. Na3 Rc8
15. Rd1 Ng6 16. b3 cxb3 17. axb3 Bc5 18. Nc4 Qc6 19. Qxc6+ Rxc6 20. Ba3 Bxa3
21. Rxa3 O-O 22. Rxa7 b5 23. Nd6 Nxe5 24. Nxb5 Rb6 25. Nxd4 Rd6 26. Ra2 g6 27.
Rad2 Rb6 28. Rc1 Rd8 29. Rcd1 Rc8 30. h3 Rcb8 31. Kf1 Nd7 32. Rc1 Nf6 33. Nc6
Re8 34. b4 Kg7 35. Rb2 Rb5 36. Nd4 Rd5 37. Ne2 Ne4 38. f3 Nd6 39. Nc3 Rde5 40.
Re2 Rxe2 41. Nxe2 Nb5 42. Kf2 Ra8 43. Rc2 Ra4 44. Rb2 Ra3 45. Nf4 Kf6 46. Nd5+
Ke5 47. Ne3 Rc3 48. Rd2 Nd4 49. Ng4+ Kd5 50. Nf6+ Kc4 51. Ne4 Rb3 52. Ra2 Rxb4
53. Nd6+ Kb3 54. Ra7 Nc6 55. Rxf7 h5 56. Rf6 Ne5 57. Re6 Nd3+ 58. Kg1 Nf4 59.
Rf6 h4 60. Ne4 g5 61. Nxg5 Ra4 62. Rb6+ Kc4 63. Rb1 Ra2 64. Ne4 Rxg2+ 65. Kh1
Ra2 66. Nf6 Nxh3 67. Ng4 Nf2+ 68. Nxf2 Rxf2 69. Rg1 Rxf3 70. Rg4+ Kd3 1/2-1/2

[Event "Tradewise Gibraltar ChallWk1"]
[Site "Gibraltar"]
[Date "2018.01.26"]
[Round "5.10"]
[White "Guthrie, David"]
[Black "Elishev, Ivan"]
[Result "0-1"]
[WhiteElo "2181"]
[BlackElo "2087"]
[PlyCount "84"]
[EventDate "2018.01.22"]
[EventType "swiss"]
[EventRounds "5"]
[EventCountry "GGB"]

1. Nf3 c5 2. g3 Nc6 3. Bg2 g6 4. O-O Bg7 5. c4 e5 6. Nc3 Nge7 7. d3 O-O 8. a3
d6 9. Rb1 a5 10. Ne1 Be6 11. Nc2 f5 12. Bg5 h6 13. Bxe7 Qxe7 14. Bd5 f4 15. f3
Kh7 16. Bxe6 Qxe6 17. g4 h5 18. Ne4 Bf6 19. h3 Kg7 20. Kg2 hxg4 21. hxg4 Rh8
22. Qd2 b5 23. cxb5 Nd4 24. Nxd4 exd4 25. Rh1 d5 26. Nxc5 Qe7 27. b4 axb4 28.
axb4 Rxh1 29. Rxh1 Rb8 30. Ra1 Bh4 31. b6 Rxb6 32. Qa2 Kh6 33. Qd2 Bg3 34. Rh1+
Kg7 35. Qb2 Qxc5 36. bxc5 Rxb2 37. Rc1 Rxe2+ 38. Kf1 Re7 39. c6 Rc7 40. Rc5 Kf6
41. Rxd5 Rxc6 42. Rxd4 Rc2 0-1

[Event "Tradewise Gibraltar ChallWk1"]
[Site "Gibraltar"]
[Date "2018.01.26"]
[Round "5.11"]
[White "Sanz Losada, Victoriano"]
[Black "Makka, Ioulia"]
[Result "1/2-1/2"]
[WhiteElo "2050"]
[BlackElo "2167"]
[PlyCount "52"]
[EventDate "2018.01.22"]
[EventType "swiss"]
[EventRounds "5"]
[EventCountry "GGB"]

1. d4 Nf6 2. c4 e6 3. Nc3 Bb4 4. Qc2 O-O 5. Bg5 d6 6. e3 Nbd7 7. Bd3 h6 8. Bh4
Bxc3+ 9. Qxc3 b6 10. Ne2 Bb7 11. f3 c5 12. O-O-O Rc8 13. Kb1 d5 14. cxd5 Nxd5
15. Bxd8 Nxc3+ 16. Nxc3 Rcxd8 17. Bb5 cxd4 18. Rxd4 Ne5 19. Rhd1 Rxd4 20. Rxd4
Rb8 21. Be2 Kf8 22. Nb5 a5 23. Rd6 Ke7 24. Rd4 Nc6 25. Rd2 Nb4 26. Nc3 Nd5
1/2-1/2

[Event "Tradewise Gibraltar ChallWk1"]
[Site "Gibraltar"]
[Date "2018.01.26"]
[Round "5.12"]
[White "Odeh, Kenneth"]
[Black "Sanz Wawer, Daniel"]
[Result "0-1"]
[WhiteElo "1922"]
[BlackElo "2134"]
[PlyCount "72"]
[EventDate "2018.01.22"]
[EventType "swiss"]
[EventRounds "5"]
[EventCountry "GGB"]

1. e4 c5 2. Nc3 Nc6 3. g3 g6 4. Bg2 Bg7 5. d3 d6 6. Nge2 Rb8 7. Be3 b5 8. Qd2
b4 9. Nd1 Nd4 10. c3 bxc3 11. bxc3 Nxe2 12. Qxe2 e6 13. O-O Ne7 14. Rc1 O-O 15.
f4 Qa5 16. Rf2 Bd7 17. g4 f5 18. exf5 gxf5 19. g5 Ng6 20. Bh1 Rf7 21. Rf3 Bc6
22. Rh3 Bxh1 23. Kxh1 Qa4 24. c4 Rfb7 25. Bd2 Qd7 26. Rg3 Rb1 27. Kg2 Rxc1 28.
Bxc1 e5 29. fxe5 Bxe5 30. Rh3 Rb1 31. Bd2 Qc6+ 32. Kf2 Qh1 33. Qh5 Rxd1 34.
Qxh7+ Kf8 35. Qh6+ Bg7 36. Qxg6 Rxd2+ 0-1